Smart materials and technologies: for the architecture and design professions (Record no. 76556)
[ view plain ]
| 000 -LEADER | |
|---|---|
| fixed length control field | 00939nam a2200205 a 4500 |
| 008 - FIXED-LENGTH DATA ELEMENTS--GENERAL INFORMATION | |
| fixed length control field | 081126s2005 ||||||||||||||||| || u |
| 020 ## - INTERNATIONAL STANDARD BOOK NUMBER | |
| International Standard Book Number | 0750662255 |
| 050 ## - LIBRARY OF CONGRESS CALL NUMBER | |
| Classification number | TA 418.9 Add |
| 100 ## - MAIN ENTRY--PERSONAL NAME | |
| Personal name | Addington, Michelle D |
| 245 10 - TITLE STATEMENT | |
| Title | Smart materials and technologies: for the architecture and design professions |
| Statement of responsibility, etc. | D. Michelle Addington, Daniel Schodek |
| 260 ## - PUBLICATION, DISTRIBUTION, ETC. | |
| Place of publication, distribution, etc. | Amsterdam |
| Name of publisher, distributor, etc. | Elsevier |
| Date of publication, distribution, etc. | 2005 |
| 300 ## - PHYSICAL DESCRIPTION | |
| Extent | xi, 241p.; ill. |
| 350 ## - | |
| -- | 0.00 |
| 650 #0 - SUBJECT ADDED ENTRY--TOPICAL TERM | |
| Topical term or geographic name entry element | MATERIALS |
| 650 ## - SUBJECT ADDED ENTRY--TOPICAL TERM | |
| Topical term or geographic name entry element | SMART MATERIALS |
| 650 ## - SUBJECT ADDED ENTRY--TOPICAL TERM | |
| Topical term or geographic name entry element | ARCHITECTURAL DESIGN--TECHNOLOGICAL INNOVATIONS |
| 700 ## - ADDED ENTRY--PERSONAL NAME | |
| Personal name | Schodek, Daniel L |
| 995 ## - | |
| -- | MAIN LIBRARY OPEN ACCESS |
| -- | 0.00 |
| -- | 739109 |
| -- | CBU-MAIN LIBRARY (Kitwe) |
| -- | 1 |
| -- | 0.00 |
| -- | TA 418.9 ADD |
| -- | 1 |
| -- | AVAILABLE |
| -- | Mar 4, 2009 |
| -- | 739109 |
| -- | Main Library Open Access Collection |
| 995 ## - | |
| -- | MAIN LIBRARY OPEN ACCESS |
| -- | 0.00 |
| -- | 742029 |
| -- | CBU-MAIN LIBRARY (Kitwe) |
| -- | 1 |
| -- | 0.00 |
| -- | TA 418.9 Add |
| -- | 2 |
| -- | AVAILABLE |
| -- | Nov 30, 2010 |
| -- | 742029 |
| -- | Main Library Open Access Collection |
| 999 ## - | |
| -- | 76556 |
| -- | 76556 |
| Withdrawn status | Lost status | Source of classification or shelving scheme | Damaged status | Not for loan | Permanent Location | Current Location | Shelving location | Date acquired | Total Checkouts | Full call number | Barcode | Date last seen | Copy number | Price effective from | Koha item type |
|---|---|---|---|---|---|---|---|---|---|---|---|---|---|---|---|
| CBU-MAIN LIBRARY, KITWE. | CBU-MAIN LIBRARY, KITWE. | 04/25/2023 | TA 418.9 Add | 739109 | 04/25/2023 | 1 | 04/25/2023 | MONOGRAPH | |||||||
| CBU-MAIN LIBRARY, KITWE. | CBU-MAIN LIBRARY, KITWE. | 04/25/2023 | TA 418.9 Add | 742029 | 04/25/2023 | 2 | 04/25/2023 | MONOGRAPH |